00344nam a22001217a 4500020000800000040001600008082001700024100001900041245005400060250001200114260005800126300003800184 qPB. cFizza Ishaq a624.151bGOP aRanjan, Gopal. aBasic And Applied Soil Mechanics /cGopal Ranjan. a3rd Ed. aNew Delhi :bNew Age International Publishers,c2016. a752 p. ;c7.99 x 10 x 1.85 inches